La criminalidad de cuello blanco en Costa Rica, un factor etiológico de la crisis

Guardat en:
Dades bibliogràfiques
Autor principal: Hidalgo González, Jorge
Format: Text
Publicat: San José
Etiquetes: Afegir etiqueta
Sense etiquetes, Sigues el primer a etiquetar aquest registre!

MARC

LEADER 00000 a a2200000 04500
001 21206
003
040
090 |a 092400  
100 |a Hidalgo González, Jorge  
245 |a La criminalidad de cuello blanco en Costa Rica, un factor etiológico de la crisis  
260 |a San José  
300 |a 13 p.  
999 |c 16379  |d 16379